| 000 | 01020cab a2200241 4500 | ||
|---|---|---|---|
| 001 | X2790 | ||
| 008 | 090401t xxu||||| |||| 00| 0 eng d | ||
| 035 | _a(Sirsi) u26295 | ||
| 041 | _aeng | ||
| 100 | _aGibson, V. A. | ||
| 245 | _aPrivate v Public: who manages operational property most effectively? | ||
| 260 | _c9(1) Winter 1990/91, 4-9,39(7) | ||
| 350 | _a0 | ||
| 490 |
_aProperty Management _v9(1) Winter 1990/91, 4-9,39(7) |
||
| 520 | _aProperty assets have become an increasingly valuable resource for all types of organisations. Effective operational property management is fundamental to the success of many organisations and they should be seeking to manage these assets proactively. The management of operational property assets is therefore of interest to the public and private sectors alike. | ||
| 650 | _aPROPERTY-COMMERCIAL PROPERTY | ||
| 650 | _aMANAGEMENT | ||
| 650 | _aPRIVATE SECTOR | ||
| 650 | _aPUBLIC SECTOR | ||
| 690 | _aPLANNING LAW AND PRACTICE | ||
| 942 | _n0 | ||
| 948 | _c04/03/1997 | ||
| 999 |
_c17656 _d17656 |
||